Biggest UK Cities (by city proper population) - Statistics

General Stats
  • This quiz has been taken 72 times
  • The average score is 22 of 33
Answer Stats
Population Answer % Correct
1,143,285 Birmingham
98%
809,479 Leeds
96%
550,630 Manchester
96%
485,022 Liverpool
94%
298,545 Newcastle upon Tyne
94%
471,285 Bristol
87%
507,460 Edinburgh
87%
612,650 Glasgow
87%
555,035 Sheffield
85%
359,824 Cardiff
81%
319,978 Nottingham
81%
247,672 Southampton
81%
344,992 Belfast
79%
276,454 Brighton and Hove
75%
264,768 Plymouth
75%
366,940 Leicester
71%
207,119 Portsmouth
71%
274,378 Sunderland
71%
546,839 Bradford
69%
344,151 Coventry
67%
221,240 Aberdeen
63%
237,897 Swansea
63%
201,851 York
60%
264,260 Wolverhampton
58%
266,516 Kingston upon Hull
54%
261,260 Derby
50%
258,102 Stoke-on-Trent
46%
205,759 Westminster
29%
216,470 Peterborough
27%
288,312 Milton Keynes
25%
270,866 Salford
23%
308,697 Doncaster
19%
353,803 Wakefield
15%
No matching quizzes found
Score Distribution
Percent of People with Each Score
Percentile by Number Answered
Your Score History
You have not taken this quiz